| 000 | 00620nam a2200205 i 4500 | ||
|---|---|---|---|
| 001 | bg | ||
| 100 | 1 | _aWÓJCIK, Janusz | |
| 245 | 1 | 0 |
_aTransport energii w polu fali ultradźwiękowej / _cJanusz Wójcik. |
| 260 |
_aWarszawa : _bIPPT, _c1999. |
||
| 300 |
_a63 s. ; _c21 cm. |
||
| 490 | 1 |
_aPrace Instytutu Podstawowych Problemów Techniki PAN, _x0208-5058 ; _v2/1999 |
|
| 650 | 9 | _aUltradźwięki | |
| 650 | 9 | _aAbsorpcja | |
| 830 |
_aPrace Instytutu Podstawowych Problemów Techniki PAN, _x0208-5058 ; |
||
| 040 | _cBPK | ||
| 041 | 0 | _apl | |
| 080 | _a534 | ||
| 942 | _cKS | ||
| 008 | s pl f |000 0 pol | ||
| 999 |
_c34574 _d34574 |
||
| 856 |
_uhttp://koha.tu.koszalin.pl/cgi-bin/koha/opac-detail.pl?biblionumber=34574 _yKatalog online BPK |
||